1240 1186 1198 1354 1041 1278 1818 1624 1889 1420 1082 1864 1386 1555 1962 1244 1733 1216 1024 1387 1476 1399 1237 1326 1320 1725 1797 1305 1475 1855 1885 1637 1528 1548 1423 1619 1600 1192 1040 1965 1265 1765 1276 1243 1930 1187 1196 1432 1677 1277 1916 2000 1914 1353 1711 1316 1005 1037 1151 1033 1379 1896 1044 1300 1308 1823 1473 1739 1013 1342 1410 1699 1740 1698 1017 1973 1953 1972 1196 1720 1849 1729 1363 1710 1560 1099 1711 1385 1536 1342 1816 1949 1182 1765 1191 1885 1026 1362 1081 BCNSPRNW ULIB Ver.6.0+V

เปลี่ยนเป็นภาษาไทย

Change to English
 แสดงรายละเอียดบรรณานุกรม
  กลับหน้าหลัก

Brief Record : Get Marc (ISO 2709) : E-mail record : QR code < ปิดหน้าต่าง
LEADER : 00000nam 2200000uu 4500
001    13399115149
003     ULIB
008    110627s2551||||th 000 0 tha d
020    9789740439905
082 0  นว.^bล411ก
090    นว.^bล411ก
100 0  ล
245 00 กุหลาบกลางผืนทราย/^cล
260    กรุงเทพฯ :^bแจ่มใส,^c2551
300    263 หน้า
710 1  แจ่มใส
945    ^p169^l0^i026771
995    ทศพร
999 ^a ใช้งานได้ทุกระบบ
รายการนี้ยังไม่มีแท็ก
คุณยังไม่ได้ล็อกอิน คุณสามารถมีกิจกรรมร่วมกับเว็บไซต์ได้ แต่ต้องล็อกอินก่อน ::
  ล็อกอิน

รายการสื่อสารสนเทศ

ลำดับที่ ประเภท เลขเรียก/บาร์โค้ด สถานที่ สถานะ
1. นวนิยาย
นวนิยาย
นว. ล411กนว. ล411ก ฉ.1 
  Barcode: 026771
ห้องสมุดวิทยาเขตสวรรค์ประชารักษ์
►นวนิยาย
บนชั้น
  ขอยืม

รายการใกล้เคียง
    ผู้แต่ง [ล]

BibComment


ยังไม่เคยถูกคอมเมนท์

คอมเมนท์ทรัพยากรรายการนี้
  คอมเมนท์: กุหลาบกลางผืนทราย ล


 Copyright 2026. Bcnsprnw @Library